Top 10 Peanut producing Countries - Statistics

General Stats
  • This quiz has been taken 121 times
  • The average score is 6 of 10
Answer Stats
Hint Answer % Correct
3 USA
93%
1 China
92%
2 India
85%
6 Indonesia
75%
4 Nigeria
62%
7 Argentina
55%
10 Ghana
41%
9 Senegal
28%
8 Chad
25%
5 Burma
17%
No matching quizzes found
Score Distribution
Percent of People with Each Score
Percentile by Number Answered
Your Score History
You have not taken this quiz